000 00657nam a2200169 i 4500
001 74977
003 ES-MaACL
005 20230906172315.0
007 t|
008 040921s1954 sp ||||1| spa d
100 1 _aGonzalo, Justo.
_959054
245 1 4 _aLas funciones cerebrales humanas según nuevos datos y bases fisiológicas
_b: ponencia del IV Congreso Nacional de Neuro-Psiquiatría, Madrid 1954 /
_cJusto Gonzalo.
260 _aMadrid :
_b[s.n.,
_c1954] (
_fJosé Luis Cosano)
300 _a57 p., 1 lám. :
_bil. ;
_c24 cm.
711 2 _aCongreso Nacional de Neuropsiquiatría (
_n4º.
_d1954.
_cMadrid)
_9549
852 _aES-MaACL
_j1970-F-18
_bR.36706
999 _c74977
_d74977